Responses for Show #4764 - Thursday, April 28, 2005

2005 Ultimate Tournament of Champions Round 2, game 12.

Contestants

[<< previous game]

Bruce Naegeli, a retired law librarian from Phoenix, Arizona

Brad Rutter, a TV quiz show host from Lancaster, Pennsylvania

John Beck, a creative director from Torrance, California

[next game >>]

Jeopardy! Round responses

WHAT BROUGHT THAT ON?
AND DOGGIE MAKES THREE
OFFICIAL ALASKAN STATE STUFF
THE KENNEDY SPACE CENTER
ABOUT SCHMIDT
ON THE "GO"
(Alex: Each correct response will end in "GO", "G-O".)
    $200 26
Margaret Thatcher

Brad
    $200 16
Scooby-Doo

Brad
    $200 24
gold

Brad
    $200 11
carbon dioxide

Brad
    $200 2
mirrors

John
    $200 10
the Congo

Bruce
    $400 27
Dan Rather

John
    $400 17
Snoopy

Bruce
    $400 25
(Brad: What is the caribou?)

the moose

JohnBrad
    $400 12
(Brad: What is a Saturn?)
(Alex: Be more specific.)
(Brad: What is [*]?)

a Saturn V

Brad
    $400 6
Jason Schmidt

Brad
    $400 5
Tobago

John
    $600 28
a lynching

Brad
    $600 18
Santa's Little Helper

Brad
    $2,600 21
(Alex: There you go, you can get close to Brad if you make this a True Daily Double.)
(John: Let's make this a True Daily Double and catch up to Brad.)

the king salmon

John
    $600 13
(John: What is ammonia?)

alcohol

JohnBrad
    $600 7
Boston Legal

John
    $600 1
an archipelago

Brad
    $800 29
the Philippines

Brad
    $800 19
Eddie

John
    $800 22
the mammoth

Brad
    $800 14
hyrdrogen & oxygen

Bruce
    $800 8
[Alex pronounces "1970s" in the German.]

Helmut Schmidt

Brad
    $800 3
(John: What is tango?)

the fandango

JohnBrad
    $1000 30
(Pat) Brown

Brad
    $1000 20
(Alex: [*] the Pup, yes, from The Little Rascals.)

Petey

John
    $1000 23
the ptarmigan

Triple Stumper
    $1000 15
Discovery

Brad
    $1000 9
Edison

Triple Stumper
    $1000 4
Abednego

John

Scores at the first commercial break (after clue 15):

John Brad Bruce
$800 $4,800 $1,000

Scores at the end of the Jeopardy! Round:

John Brad Bruce
$6,000 $8,800 $1,400

Double Jeopardy! Round responses

GEOLOGY
HEADLINERS ON TOUR
AUTHORS' CHILDREN
"V"
CIRCUS SLANG
ON THE GO
    $400 27
sedimentary

Brad
    $400 11
The Rolling Stones

John
    $400 6
(John: Who was Molière?)

Alexandre Dumas (the son)

John
Triple Stumper
    $400 1
Queen Victoria

Brad
    $400 28
Ringling Bros.-Barnum & Bailey

Brad
    $400 29
a taxi

Brad
    $800 26
fjords

Bruce
    $800 12
U2

Brad
    $800 7
F. Scott Fitzgerald

Brad
    $800 2
(John: What is Vulcan?)

Voyager

JohnBrad
    $800 19
balloons

Brad
    $800 30
the Akron

Bruce
    $1200 25
Sugarloaf Mountain

Brad
    $1200 13
David Bowie

Brad
    $1200 8
Hemingway

Brad
    $1200 3
(Brad: What is a violin?)
...
(Alex: [*] has five letters. Violin has six.)

a viola

BradBruce
    $1200 16
a bull

Brad
    $1200 20
the Monitor

Bruce
    $400 24
(Alex: You have a $23,000 margin over John.)
(Brad: Let's go with $400.)
(Alex: $400? [Laughter] What do you have against GEOLOGY?)
(Brad: Oh, not too much. I'm just a conservative sort, I guess.)

the caldera

Brad
    $1600 14
Fleetwood Mac

Brad
    $4,400 9
James Joyce

Brad
    $1600 4
Dick Vermeil

Brad
    $1600 17
a butcher

Bruce
    $1600 21
(Alex: Thought we might stump you with this one. [*].)

Studebaker

Triple Stumper
    $2000 23
the lithosphere

Brad
    $2000 15
Prince

John
    $2000 10
Martin

Brad
    $2000 5
(Johannes) Vermeer

Brad
    $2000 18
Abba Dabba

Triple Stumper
    $2000 22
Rutan

Brad

Scores at the end of the Double Jeopardy! Round:

John Brad Bruce
$7,200 $33,200 $7,000
(lock game)

[wagering suggestions for these scores]

Final Jeopardy! Round responses

BRITISH MILITARY HISTORY
(Alex: He was the man who was mainly responsible for bringing India into the British Empire. His name is almost always associated with that country.)
...
(John: I've never heard of [*].)
(Alex: But you have heard of Lord Nelson.)
BruceWho was Clive?
$7,000
JohnWho is Nelson?
$7,200
BradWho is Kitchener?
$15,000
Robert Clive

Final scores:

John Brad Bruce
$0 $18,200 $14,000
3rd place: $10,000 Winner: $20,000 + $15,000 as a member of the Nifty Nine + an advance to UToC Round 3 2nd place: $10,000

Game dynamics:

Coryat scores:

John Brad Bruce
$5,200 $31,600 $7,000
11 R
(including 1 DD),
4 W
36 R
(including 2 DDs),
2 W
8 R,
0 W

Combined Coryat: $43,800

[game clues] [game scores] [suggest correction]

Game tape date: 2005-03-29
The J! Archive is created by fans, for fans. Scraping, republication, monetization, and malicious use prohibited; this site may use cookies and collect identifying information. See terms. The Jeopardy! game show and all elements thereof, including but not limited to copyright and trademark thereto, are the property of Jeopardy Productions, Inc. and are protected under law. This website is not affiliated with, sponsored by, or operated by Jeopardy Productions, Inc. Join the discussion at JBoard.tv.